| 000 | 00422nam a22001577a 4500 | ||
|---|---|---|---|
| 005 | 20260309161513.0 | ||
| 008 | 260309b |||||||| |||| 00| 0 eng d | ||
| 041 | _aMarathi | ||
| 082 | _aX 891 TOL B12279 | ||
| 100 |
_aटोळ, दत्ता _9216883 |
||
| 245 | _aसंस्कारकथा | ||
| 260 |
_aPune _bBharatiya Vichar Sadhana _c2018 |
||
| 300 |
_a64p _bpb |
||
| 365 |
_aRupaye _b40 _cINR |
||
| 942 | _cBK | ||
| 999 |
_c370628 _d370628 |
||